Delta wedding / (Record no. 18069)
[ view plain ]
| 000 -LEADER | |
|---|---|
| fixed length control field | 01082cam a2200313 a 4500 |
| 001 - CONTROL NUMBER | |
| control field | 18069 |
| 003 - CONTROL NUMBER IDENTIFIER | |
| rucl marc code | BD-RjUL |
| 005 - DATE AND TIME OF LATEST TRANSACTION | |
| control field | 20211209000231.0 |
| 008 - FIXED-LENGTH DATA ELEMENTS--GENERAL INFORMATION | |
| fixed length control field | 140219s19461945cau 000 1 eng d |
| 035 ## - SYSTEM CONTROL NUMBER | |
| System control number | (BD-RjUL)18127 |
| 040 ## - CATALOGING SOURCE | |
| Original cataloging agency | DLC |
| Transcribing agency | DLC |
| Modifying agency | BD-RjUL |
| Language of cataloging | eng |
| 041 ## - LANGUAGE CODE | |
| Language code of text/sound track or separate title | eng |
| 082 00 - DEWEY DECIMAL CLASSIFICATION NUMBER | |
| Classification number | 813.52 |
| Edition number | 20 |
| Author mark and year | WED 1946 |
| 100 1# - MAIN ENTRY--PERSONAL NAME | |
| Personal name | Welty, Eudora, |
| Dates associated with a name | 1909-2001. |
| 9 (RLIN) | 55677 |
| 245 10 - TITLE STATEMENT | |
| Title | Delta wedding / |
| Statement of responsibility, etc. | Eudora Welty. |
| 260 ## - PUBLICATION, DISTRIBUTION, ETC. (IMPRINT) | |
| Place of publication, distribution, etc. | New York : |
| Name of publisher, distributor, etc. | Harcourt Brace Jovanovich, |
| Date of publication, distribution, etc. | c1946. |
| 300 ## - PHYSICAL DESCRIPTION | |
| Pagination | 246 p. ; |
| Size | 21 cm. |
| 650 #0 - SUBJECT ADDED ENTRY--TOPICAL TERM | |
| Topical term or geographic name as entry element | Weddings |
| Form subdivision | Fiction. |
| 9 (RLIN) | 55679 |
| Topical term or geographic name as entry element | Plantation life |
| Form subdivision | Fiction. |
| 9 (RLIN) | 55680 |
| 651 #0 - SUBJECT ADDED ENTRY--GEOGRAPHIC NAME | |
| Geographic name | Mississippi |
| Form subdivision | Fiction. |
| 9 (RLIN) | 55681 |
| Geographic name | Delta (Miss. : Region) |
| Form subdivision | Fiction. |
| 9 (RLIN) | 55682 |
| 856 42 - ELECTRONIC LOCATION AND ACCESS | |
| Materials specified | Publisher description |
| Uniform Resource Identifier | <a href="http://www.loc.gov/catdir/description/har041/90022030.html">http://www.loc.gov/catdir/description/har041/90022030.html</a> |
| Materials specified | Contributor biographical information |
| Uniform Resource Identifier | <a href="http://www.loc.gov/catdir/enhancements/fy1003/90022030-b.html">http://www.loc.gov/catdir/enhancements/fy1003/90022030-b.html</a> |
| 942 ## - ADDED ENTRY ELEMENTS (KOHA) | |
| Source of classification or shelving scheme | Dewey Decimal Classification |
| Koha item type | Books |
| Lost status | Source of classification or shelving scheme | Damaged status | Not for loan | Collection code | Permanent Location | Current Location | Shelving location | Date acquired | Source of acquisition | Cost, normal purchase price | Total Checkouts | Full call number | Date last seen | Copy number | Koha item type |
|---|---|---|---|---|---|---|---|---|---|---|---|---|---|---|---|
| Dewey Decimal Classification | Not For Loan | Fiction | Central Library, University of Rajshahi | Central Library, University of Rajshahi | Reading Room | 21/06/1965 | Gratis | 0.00 | 813.52 WED 1946 | 19/02/2014 | C-1 | Books |